| 000 | 01152nam0a22003011 4500 | ||
|---|---|---|---|
| 001 | rc\2277320 | ||
| 005 | 20110829191343.4 | ||
| 035 | _a(NLR Aleph) 006557168 | ||
| 090 |
_a6804277 _c6804277 |
||
| 100 | _a20110829d1979 |||y0rusy50 ca | ||
| 101 | 0 | _arus | |
| 102 | _aRU | ||
| 105 | _ay a ||||| | ||
| 200 | 1 |
_aИстория и современное состояние библиографии по химии и химической технологии _eЛекция по курсу "Библиогр. техн. лит." для студентов библ. фак. |
|
| 210 |
_aМосква _cМГИК _d1979 |
||
| 215 |
_a37 с. _d20 |
||
| 300 | _aВ надзаг.: Моск. гос. ин-т культуры | ||
| 606 |
_aБиблиография химической литературы _2psbo |
||
| 686 |
_aЧ755.012:Гя73-2 _2rubbk |
||
| 700 | 1 |
_aПервова _bС. И. _gСветлана Ивановна |
|
| 801 | 0 |
_aRU _bNLR _gpsbo |
|
| 801 | 1 |
_aRU _bELAR _2rusmarc |
|
| 852 |
_aNLR _jБ Б573Т/П-263 |
||
| 899 |
_aRuMoRGB _jВ 79-44/533 |
||
| 899 |
_aRuMoRGB _jВ 79-44/554 |
||
| 899 |
_aRuMoRGB _jКБ |
||
| 942 | _cBOOK | ||
| 980 | _aNB | ||